[Event "Minsk op"]
[Site "Minsk"]
[Date "1996.??.??"]
[Round "4"]
[White "Labuckas, Aidas"]
[Black "Notkin, Maksim"]
[Result "0-1"]
[WhiteElo "2395"]
[BlackElo "2515"]

1.Nf3 Nf6 2.c4 c5 3.Nc3 e6 4.g3 b6 5.Bg2 Bb7 6.O-O Be7 7.d4 cxd4 8.Qxd4 d6
9.Rd1 a6 10.b3 Nbd7 11.Bb2 O-O 12.e4 Qc7 13.Qe3 Rfe8 14.Rac1 Rac8 15.Nd4 Qb8
16.Qe2 Bf8 17.Re1 Qa7 18.g4 h6 19.h4 g6 20.Nc2 Bg7 21.Ne3 Nc5 22.f3 d5 23.b4 Ncd7
24.cxd5 exd5 25.g5 hxg5 26.hxg5 dxe4 27.gxf6 exf3 28.Qf2 Nxf6 29.Bh3 Rxc3
30.Bxc3 Ne4 31.Qxf3 Nxc3 32.Qf1 Qb8 33.Ng2 Bd4+ 34.Kh1 Ne4 35.Rxe4 Bxe4 36.Qd1 Qg3  0-1

[Event "Mondariz op"]
[Site "Mondariz"]
[Date "1996.??.??"]
[Round "?"]
[White "Psakhis, Lev"]
[Black "Rodriguez, Rafael"]
[Result "1-0"]
[WhiteElo "2590"]
[BlackElo "2410"]

1.c4 Nf6 2.Nc3 c5 3.Nf3 e6 4.g3 b6 5.Bg2 Bb7 6.O-O Be7 7.d4 cxd4 8.Qxd4 O-O
9.Rd1 d6 10.b3 Nbd7 11.Bb2 a6 12.h3 Qc7 13.Rac1 Rfd8 14.Qe3 Bf8 15.Nd4 Bxg2
16.Kxg2 Ne5 17.f4 Qb7+ 18.Nf3 Nxf3 19.Qxf3 d5 20.cxd5 Nxd5 21.Nxd5 exd5 22.Be5 Rac8
23.Rxc8 Qxc8 24.Rxd5 Rxd5 25.Qxd5 Qc2 26.Kf2 Qxa2 27.Bd6 g6 28.Qa8  1-0

[Event "Moscow-C"]
[Site "Moscow"]
[Date "1996.??.??"]
[Round "?"]
[White "Semenov, Valeri"]
[Black "Mitenkov, Alexey"]
[Result "0-1"]
[WhiteElo "2375"]
[BlackElo "2445"]

1.Nf3 Nf6 2.c4 e6 3.Nc3 c5 4.e3 d5 5.d4 Nc6 6.a3 Ne4 7.Bd3 Nxc3 8.bxc3 dxc4
9.Bxc4 Be7 10.O-O O-O 11.Qe2 b6 12.Bb2 Bb7 13.Rad1 Qc7 14.Bd3 Bf6 15.Nd2 Na5
16.f4 Rac8 17.e4 g6 18.g4 Rfd8 19.e5 Bg7 20.Ne4 cxd4 21.cxd4 Bxe4 22.Bxe4 Nc4
23.Kg2 b5 24.d5 exd5 25.Rxd5 Rxd5 26.Bxd5 Qc5 27.Bxc4 bxc4 28.Rf3 Qd5 29.Kg3 Rb8
30.Qc2 g5 31.Ba1 gxf4+ 32.Kxf4 Re8 33.Re3 Qh1 34.Bc3 Re6 35.Re1 Qd5 36.Qe4 Qc5
37.Qa8+ Bf8 38.Bb4 Qf2+ 39.Qf3 Bh6+ 40.g5 Bxg5+ 41.Kg4 h5+  0-1

[Event "Moscow-ch"]
[Site "Moscow"]
[Date "1996.??.??"]
[Round "4"]
[White "Kalinin, Alexander"]
[Black "Donchenko, Anatoly G"]
[Result "1/2-1/2"]
[WhiteElo "2430"]
[BlackElo "2370"]

1.c4 Nf6 2.Nf3 e6 3.Nc3 c5 4.g3 b6 5.Bg2 Bb7 6.O-O Be7 7.Re1 d5 8.cxd5 Nxd5
9.e4 Nb4 10.d4 cxd4 11.Nxd4 O-O 12.Be3 N8c6 13.a3 Nxd4 14.axb4 e5 15.b5 Bb4  1/2-1/2

[Event "RUS-Cup2"]
[Site "Moscow"]
[Date "1996.??.??"]
[Round "4"]
[White "Mitenkov, Alexey"]
[Black "Kulikov, Alexander O"]
[Result "1-0"]
[WhiteElo "2470"]
[BlackElo "2295"]

1.Nf3 Nf6 2.c4 c5 3.Nc3 d5 4.cxd5 Nxd5 5.d4 Nxc3 6.bxc3 g6 7.e4 Bg7 8.Rb1 O-O
9.Be2 Nc6 10.d5 Na5 11.c4 b6 12.O-O e5 13.Bb2 Re8 14.Bc3 Nb7 15.a4 Bg4 16.Nd2 Bxe2
17.Qxe2 Nd6 18.a5 Rb8 19.axb6 axb6 20.Rb3 Re7 21.Rfb1 Reb7 22.g3 Qe8 23.Kg2 h6
24.Ra1 Ra8 25.Rba3 Rxa3 26.Rxa3 Kh7 27.Ra6 Qb8 28.Qd1 Ra7 29.Qa4 Rxa6 30.Qxa6 f5
31.Qa1 Qe8 32.Qa7 Nxe4 33.Nxe4 fxe4 34.Kg1 Kh8 35.d6 Bf6 36.d7 Qf8 37.Qxb6 Kh7
38.Qc7 Bd8 39.Qxe5  1-0

[Event "Moscow-ch"]
[Site "Moscow"]
[Date "1996.??.??"]
[Round "6"]
[White "Utemov, Vladimir"]
[Black "Notkin, Maksim"]
[Result "0-1"]
[WhiteElo "2400"]
[BlackElo "2520"]

1.Nf3 Nf6 2.c4 c5 3.Nc3 e6 4.g3 b6 5.Bg2 Bb7 6.O-O Be7 7.d4 cxd4 8.Qxd4 d6
9.Rd1 a6 10.b3 Nbd7 11.e4 Qb8 12.Ba3 Nc5 13.Nd2 O-O 14.Bb2 Qc7 15.b4 Ncd7
16.Rdc1 Rac8 17.Nd1 Qb8 18.Ne3 Rfd8 19.a3 Qa8 20.Rc2 b5 21.Rac1 Ne5 22.cxb5 axb5
23.Rxc8 Rxc8 24.Rxc8+ Qxc8 25.f4 Ned7 26.Qd3 Bd8 27.Qxd6 Bb6 28.Qd3 e5 29.Bh3 Qc7
30.f5 h5 31.Bg2 Ng4 32.Nf1 Ndf6 33.h3 Nxe3 34.Nxe3 Qc4 35.Qd2 Nxe4 36.Qe1 Qd3
37.Bc1 Nxg3 38.Qxg3 Qd1+ 39.Kh2 Qxc1 40.Bxb7 Bxe3 41.Kg2 Qc2+  0-1

[Event "RUS-Cup2"]
[Site "Moscow"]
[Date "1996.??.??"]
[Round "7"]
[White "Aleksandrov, Aleksej"]
[Black "Yegiazarian, Arsen"]
[Result "1-0"]
[WhiteElo "2550"]
[BlackElo "2455"]

1.c4 c5 2.Nf3 Nf6 3.Nc3 d5 4.cxd5 Nxd5 5.d4 cxd4 6.Qxd4 Nxc3 7.Qxc3 Nc6 8.e4 a6
9.Be3 e5 10.a3 Bd6 11.Nd2 O-O 12.Rd1 Bc7 13.Bc4 Qh4 14.Bd5 Bg4 15.Bxc6 bxc6
16.Rc1 Rad8 17.b4 Bb8 18.a4 Qe7 19.Nc4 Rfe8 20.Na5 Qd7 21.O-O c5 22.bxc5 Qxa4
23.c6 Bc7 24.Nb7 Be2 25.Rfe1 Rd3 26.Qb2 Rxe3 27.fxe3 Bb5 28.Qc2 Qb4 29.Qc5 Qxe4  1-0

[Event "RUS-Cup2"]
[Site "Moscow"]
[Date "1996.??.??"]
[Round "9"]
[White "Gorelov, Sergey G"]
[Black "Zakharov, Alexander S"]
[Result "1-0"]
[WhiteElo "2485"]
[BlackElo "2340"]

1.Nf3 Nf6 2.c4 c5 3.Nc3 e6 4.e4 d6 5.d4 cxd4 6.Nxd4 b6 7.Be2 Bb7 8.f3 a6
9.Be3 Nbd7 10.O-O Be7 11.a4 O-O 12.a5 bxa5 13.Nb3 Rb8 14.Nxa5 Ba8 15.Qd2 Qc7
16.Rfc1 Rfc8 17.Kh1 h6 18.Na2 Bxe4 19.fxe4 Nxe4 20.Qe1 Rxb2 21.Nb4 Ndc5 22.Nbc6 Bf6
23.Ra3 Qb6 24.Bf3 Rxc6 25.Bxe4 Rc7 26.Bf3 Kh8 27.Rd1 Be5 28.Raa1 Kg8 29.h3 Kf8
30.Qh4 Bf6 31.Qe1 Be5 32.Ra3 Kg8 33.Bg1 Kf8 34.Re3 Bf4 35.Re2 Rxe2 36.Bxe2 Qb2
37.Bf3 Qc2 38.Qh4 Bg5 39.Qd4 Rd7 40.Nc6 Bf6 41.Qf4 Bg5 42.Qd4 Kg8 43.Qg4 Nb3
44.Nb4 Qc3 45.Nd5 Qb2 46.h4 Bd2 47.Be4 f5 48.Qg6 Qe5 49.Bh2  1-0

[Event "RUS-Cup2"]
[Site "Moscow"]
[Date "1996.??.??"]
[Round "9"]
[White "Volodin, Viktor"]
[Black "Kostin, Sergei"]
[Result "0-1"]
[WhiteElo "2340"]
[BlackElo "2175"]

1.Nf3 Nf6 2.c4 c5 3.Nc3 b6 4.d4 cxd4 5.Nxd4 Bb7 6.f3 e6 7.e4 d6 8.Be2 Be7
9.O-O a6 10.Be3 Nbd7 11.Qd2 O-O 12.b3 Qc7 13.Rac1 Rac8 14.Rfd1 Qb8 15.Nc2 Rfe8
16.Bf1 Bd8 17.Nb4 Bc7 18.Bf4 Ne5 19.Kh1 Rcd8 20.Qb2 Ng6 21.Bg3 Nh5 22.Be1 a5
23.Nd3 d5 24.g4 Nf6 25.cxd5 exd5 26.Nb5 Bf4 27.Nxf4 Qxf4 28.Bg3 Qxf3+ 29.Bg2 Qxg4
30.Nd6 Rxd6 31.Bxd6 Nxe4 32.Bc7 Nh4 33.Rg1 d4 34.Bd6 Nxg2 35.Rxg2 Nxd6  0-1

[Event "Moscow-ch"]
[Site "Moscow"]
[Date "1996.??.??"]
[Round "11"]
[White "Leontiev, Aleksandr V"]
[Black "Monakhov, SS."]
[Result "1-0"]
[WhiteElo "2365"]
[BlackElo "2325"]

1.c4 c5 2.Nc3 Nf6 3.Nf3 d5 4.cxd5 Nxd5 5.e4 Nb4 6.Bb5+ N8c6 7.d4 cxd4 8.a3 dxc3
9.Qxd8+ Kxd8 10.axb4 Nxb4 11.O-O c2 12.Ng5 Rg8 13.Nxf7+ Kc7 14.Bf4+ Kb6 15.Ba4 Be6
16.Ng5 Bc4 17.Rfc1 Bd3 18.Ne6 Bb5 19.Be3+ Kc6 20.Bxb5+ Kxb5 21.Nc7+ Kc4 22.Ra3 Na2
23.Rxc2+ Kb4 24.Bc5+  1-0

[Event "Munich op"]
[Site "Munich"]
[Date "1996.??.??"]
[Round "?"]
[White "Uhlmann, Wolfgang"]
[Black "Brauer, Christian"]
[Result "1-0"]
[WhiteElo "2485"]
[BlackElo "2200"]

1.c4 c5 2.Nf3 Nf6 3.Nc3 d5 4.cxd5 Nxd5 5.e3 Nc6 6.d4 g6 7.Bb5 Bg7 8.Qa4 Nxc3
9.Bxc6+ bxc6 10.bxc3 Qb6 11.O-O Qb5 12.Qa3 O-O 13.Bd2 Bf5 14.c4 Qxc4 15.Rac1 Qe6
16.Rxc5 h6 17.Bc3 Rfb8 18.Nd2 Bd3 19.Rc1 Bb5 20.Qa5 Qd7 21.a4 Bd3 22.d5 Qd8
23.Bxg7 Qxa5 24.Rxa5 Kxg7 25.dxc6 Rb2 26.Nf3 Rc8 27.Ne5 Bc2 28.Rxa7 f6 29.Rxe7+ Kf8
30.Rb7 Ra2 31.Nd7+  1-0

[Event "JUG-chT"]
[Site "Niksic"]
[Date "1996.??.??"]
[Round "?"]
[White "Horvath, Jozsef"]
[Black "Marinkovic, Ivan"]
[Result "1/2-1/2"]
[WhiteElo "2515"]
[BlackElo "2505"]

1.Nf3 Nf6 2.c4 c5 3.Nc3 b6 4.d4 cxd4 5.Nxd4 Bb7 6.f3 e6 7.e4 d6 8.Be2 Be7
9.O-O O-O 10.Be3 a6 11.Qd2 Nbd7 12.Rac1  1/2-1/2

[Event "JUG-chT"]
[Site "Niksic"]
[Date "1996.??.??"]
[Round "?"]
[White "Pajkovic, Vladimir"]
[Black "Horvath, Jozsef"]
[Result "1/2-1/2"]
[WhiteElo "2420"]
[BlackElo "2515"]

1.Nf3 Nf6 2.c4 c5 3.Nc3 d5 4.cxd5 Nxd5 5.e4 Nb4 6.Bc4 Nd3+ 7.Ke2 Nf4+ 8.Kf1 Ne6
9.b4 g6 10.bxc5 Bg7 11.Bxe6 Bxe6 12.d4 Nc6 13.Be3 Qa5 14.Ne2 Bc4 15.Rc1 Qxa2
16.d5 Rd8  1/2-1/2

[Event "North Bay op"]
[Site "North Bay"]
[Date "1996.??.??"]
[Round "?"]
[White "Williams, Paul"]
[Black "Boudy, Julio"]
[Result "0-1"]
[WhiteElo "2255"]
[BlackElo "2280"]

1.Nf3 Nf6 2.c4 c5 3.Nc3 e6 4.e3 Be7 5.d4 cxd4 6.exd4 d5 7.Bg5 O-O 8.c5 b6
9.b4 a5 10.a3 axb4 11.axb4 Rxa1 12.Qxa1 bxc5 13.bxc5 h6 14.Bf4 Nc6 15.Bb5 Bb7
16.O-O Ne4 17.Na4 Bf6 18.Bxc6 Bxc6 19.Ne5 Bb5 20.Rb1 Bxa4 21.Qxa4 Nc3 22.Qc2 Nxb1
23.Qxb1 Qb8 24.Qc1 Qb5 25.h3 Ra8 26.Nf3 Qc4 27.Qd2 Ra1+ 28.Kh2 Ra2 29.Qe3 Re2  0-1

[Event "Oberwart op"]
[Site "Oberwart"]
[Date "1996.??.??"]
[Round "1"]
[White "Hardicsay, Peter"]
[Black "Deutschmann, Robert Peter"]
[Result "1-0"]
[WhiteElo "2395"]
[BlackElo "1960"]

1.c4 Nf6 2.Nc3 c5 3.Nf3 d5 4.cxd5 Nxd5 5.g3 Nc6 6.Bg2 Nc7 7.O-O e5 8.d3 Be7
9.Nd2 Bd7 10.Nc4 f6 11.f4 b5 12.Ne3 exf4 13.gxf4 O-O 14.a4 bxa4 15.Nxa4 Rb8
16.Nc3 f5 17.Ned5 Bh4 18.Nxc7 Qxc7 19.Nd5 Qd6 20.Ra6 Qh6 21.Kh1 Be8 22.Kg1 Bd8
23.Be3 Bh5 24.Rxc6 Qxc6 25.Ne7+ Bxe7 26.Bxc6 Rxb2 27.Bf3 Bf7 28.Qa1 Ra2 29.Qe5 Re8
30.Qxf5 Bd6 31.Bd5  1-0

[Event "RUS-Cup3"]
[Site "Omsk"]
[Date "1996.??.??"]
[Round "2"]
[White "Makarov, Marat"]
[Black "Zemerov, Vladimir"]
[Result "1-0"]
[WhiteElo "2560"]
[BlackElo "2400"]

1.Nf3 c5 2.c4 Nf6 3.Nc3 e6 4.g3 b6 5.Bg2 Bb7 6.O-O Be7 7.d4 cxd4 8.Qxd4 Nc6
9.Qf4 a6 10.Rd1 O-O 11.b3 Rb8 12.e4 Ne8 13.Qd2 Bc8 14.Qe2 f6 15.Bf4 Rb7 16.Bh3 d6
17.Be3 g5 18.Nd4 Nxd4 19.Bxd4 Ng7 20.e5 dxe5 21.Bxe5 Rd7 22.Rxd7 Bxd7 23.Bd4 e5
24.Bxd7 exd4 25.Nd5 Bd6 26.Bh3 a5 27.Qd3 Re8 28.Rd1 Bc5 29.Bf5 Nxf5 30.Qxf5 Kg7
31.Qg4 Kh8 32.Rd3 Qd6 33.Kg2 Qe6 34.Qf3 Kg7 35.Nc7 Qe7 36.Nxe8+ Qxe8 37.Rd2 Qd7
38.Re2 Bb4 39.Qd5 Qxd5+ 40.cxd5 d3 41.Re3  1-0

[Event "RUS-chT"]
[Site "Orel"]
[Date "1996.??.??"]
[Round "?"]
[White "Namgilov, Sogto"]
[Black "Platonov, Arthouk"]
[Result "1-0"]
[WhiteElo "2425"]
[BlackElo "2140"]

1.Nf3 Nf6 2.c4 c5 3.Nc3 d5 4.cxd5 Nxd5 5.g3 Nc6 6.Bg2 Nc7 7.Qa4 Qd7 8.O-O e5
9.d3 Be7 10.Be3 Rb8 11.Rfc1 O-O 12.a3 b6 13.b4 b5 14.Qb3 cxb4 15.axb4 Bb7
16.Bxa7 Ra8 17.Nxe5 Qd6 18.Nxc6 Bxc6 19.Bc5  1-0

[Event "ESP-chTA"]
[Site "Oropesa del Mar"]
[Date "1996.??.??"]
[Round "3"]
[White "San Segundo, Pablo"]
[Black "De la Villa Garcia, Jesus Maria"]
[Result "1-0"]
[WhiteElo "2505"]
[BlackElo "2495"]

1.Nf3 Nf6 2.c4 c5 3.Nc3 d5 4.cxd5 Nxd5 5.d4 Nxc3 6.bxc3 g6 7.e4 Bg7 8.Bb5+ Nc6
9.O-O cxd4 10.cxd4 O-O 11.Be3 Bg4 12.Bxc6 bxc6 13.Rc1 Qa5 14.Qe2 Rfd8 15.Rc5 Qa4
16.Qc4 Qxc4 17.Rxc4 Rac8 18.Rfc1 e6 19.Kf1 Bxf3 20.gxf3 Rd7 21.R1c2 h5 22.Ke2 Kh7
23.f4 Kg8 24.Ra4 Rcd8 25.Rcc4 Rc8 26.Ra6 Kh7 27.Kf3 Kg8 28.Ke2 Rcc7 29.Kf3 Rc8
30.Ra3 Bf8 31.Ra5 Bg7 32.d5 exd5 33.exd5 c5 34.Raxc5 Rxc5 35.Rxc5 f5 36.Ra5 Bc3
37.Rc5 Bb4 38.Rb5 a5 39.a4 Kf7 40.Bd4 Rc7 41.Be5 Rc1 42.Ke2 Re1+ 43.Kd3 Rd1+
44.Kc4 Rc1+ 45.Kb3 Rd1 46.Bb8 Rd4 47.Be5 Rd2 48.Rb7+ Ke8 49.Rg7 Rxf2 50.d6 Rd2
51.Rxg6 Kd7 52.Kc4 Kc6 53.Rg7 Rc2+ 54.Kb3 Rd2 55.h3 h4 56.Kc4 Rc2+ 57.Kd3 Rd2+
58.Ke3 Rd1 59.Rf7 Bxd6 60.Rf6  1-0

[Event "ESP-chT"]
[Site "Oropesa del Mar"]
[Date "1996.??.??"]
[Round "4"]
[White "Rodriguez Lopez, Rafael"]
[Black "Solana Suarez, Ernesto"]
[Result "1/2-1/2"]
[WhiteElo "2410"]
[BlackElo "2320"]

1.Nf3 Nf6 2.c4 c5 3.Nc3 e6 4.g3 b6 5.Bg2 Bb7 6.O-O a6 7.Re1 d6 8.e4 Be7 9.d4 cxd4
10.Nxd4 Qc7 11.Be3 O-O 12.Rc1 Re8 13.b3 Bf8 14.h3 Nfd7 15.Nf3 Nc6 16.Bf4 Nce5
17.Qe2 Nxf3+ 18.Bxf3 Ne5 19.Bg2 Rac8 20.Be3 Nd7 21.f4 Qb8 22.Bf2 Bc6 23.Bf1 Rcd8
24.a4 d5 25.cxd5 exd5 26.Qc2 dxe4 27.Nxe4 Bxe4 28.Rxe4 Rxe4 29.Qxe4 Bc5 30.Rd1 Bxf2+
31.Kxf2 Nc5 32.Rxd8+ Qxd8 33.Qe3 a5  1/2-1/2

[Event "ESP-chT"]
[Site "Oropesa del Mar"]
[Date "1996.??.??"]
[Round "4"]
[White "Franco Ocampo, Zenon"]
[Black "Izeta Txabarri, Felix"]
[Result "1-0"]
[WhiteElo "2470"]
[BlackElo "2525"]

1.c4 Nf6 2.Nc3 c5 3.Nf3 g6 4.d4 cxd4 5.Nxd4 Nc6 6.e4 d6 7.Be2 Bg7 8.Be3 O-O
9.O-O Bd7 10.Qd2 Nxd4 11.Bxd4 Bc6 12.f3 Nd7 13.Be3 a5 14.b3 Nc5 15.Rab1 Qb6
16.Rfc1 Rfc8 17.Rc2 Qd8 18.a3 e5 19.Bf1 Kh8 20.Qd1 Qf8 21.Kh1 Rd8 22.Rd2 f5
23.exf5 gxf5 24.Nd5 Bh6 25.Bxh6 Qxh6 26.b4 axb4 27.axb4 Na4 28.Qc2 f4 29.Rbd1 Qg7
30.Nc3 Nxc3 31.Qxc3 Ba4 32.Ra1 Qc7 33.c5 Be8 34.Rxd6 Rxa1 35.Qxa1  1-0

[Event "ESP-chT"]
[Site "Oropesa del Mar"]
[Date "1996.??.??"]
[Round "6"]
[White "Hernando, Antonio"]
[Black "Ramos Suria, Felix"]
[Result "1/2-1/2"]
[WhiteElo "2240"]
[BlackElo "2200"]

1.Nf3 c5 2.c4 Nf6 3.Nc3 g6 4.g3 b6 5.Bg2 Bb7 6.O-O Bg7 7.d4 cxd4 8.Nxd4 Bxg2
9.Kxg2 O-O 10.e4 Qc7 11.b3 Qb7 12.f3 Nc6 13.Nc2 Rfd8 14.Bb2 Ne8 15.Ne3 a6
16.Qe2 b5 17.Ncd5 bxc4 18.Nxc4 d6 19.Bxg7 Nxg7 20.Qe3 Nb4 21.Nxb4 Qxb4 22.a3 Qb7
23.b4 Rac8 24.Rac1 Ne6 25.Qb6 Rd7 26.Qxb7 Rxb7 27.Ne3 Rbc7 28.Rxc7 Rxc7 29.Nd5 Rc2+
30.Rf2 Rxf2+ 31.Kxf2 Kf8 32.Ke3 Ke8 33.f4 Kd7 34.Kd3 Nd8 35.Kc4 h6 36.g4 Nb7
37.h4 Nd8 38.h5 gxh5 39.gxh5 Ne6 40.f5 Ng5 41.Kd3 Nh7 42.a4 e6 43.Ne3 Nf6
44.fxe6+ fxe6 45.Kd4 e5+ 46.Kc4 Nxh5 47.Ng4 Ng3 48.Nxh6 Nxe4 49.Ng4 Ke6 50.Ne3 Nf6
51.b5 d5+ 52.Kc5 axb5 53.a5 Nd7+ 54.Kxb5 Nb8 55.Kc5 d4 56.Nc2 Na6+ 57.Kc4 Kd6  1/2-1/2

[Event "ESP-chT"]
[Site "Oropesa del Mar"]
[Date "1996.??.??"]
[Round "7"]
[White "Oms Pallise, Josep"]
[Black "Solana Suarez, Ernesto"]
[Result "1-0"]
[WhiteElo "2395"]
[BlackElo "2320"]

1.Nf3 Nf6 2.c4 c5 3.Nc3 e6 4.g3 b6 5.Bg2 Bb7 6.O-O a6 7.Re1 d6 8.e4 Be7 9.d4 cxd4
10.Nxd4 Qc7 11.Be3 O-O 12.Rc1 Re8 13.f4 Bf8 14.f5 Nbd7 15.fxe6 fxe6 16.Bh3 Nc5
17.b4 Ncxe4 18.Nxe4 Nxe4 19.Nxe6 Qc6 20.Qd5 Qc8 21.Nc7+ Bxd5 22.Bxc8 Raxc8
23.cxd5 Re7 24.Bxb6 Nf6 25.Ba5 Kf7 26.a4 Rxe1+ 27.Rxe1 Be7 28.Nxa6 Nxd5 29.b5 Bd8
30.Bxd8 Rxd8 31.Rb1 Nc3 32.Rb4 Nd5 33.Rc4  1-0

[Event "Komercni Banka op"]
[Site "Pardubice"]
[Date "1996.??.??"]
[Round "1"]
[White "Fridman, Daniel"]
[Black "Hudecek, Jan"]
[Result "1-0"]
[WhiteElo "2500"]
[BlackElo "2270"]

1.Nf3 Nf6 2.c4 c5 3.Nc3 d5 4.cxd5 Nxd5 5.g3 Nc6 6.Bg2 g6 7.O-O Bg7 8.Ng5 Nb6
9.b3 O-O 10.Ba3 c4 11.Rc1 Bf5 12.Nge4 cxb3 13.axb3 Nd7 14.e3 Rc8 15.d4 Re8
16.Qe2 Qa5 17.Ra1 Nb4 18.Qd2 Bxe4 19.Nxe4 Nc6 20.b4 Qh5 21.b5 Qxb5 22.Rfb1 Qf5
23.Rxb7 Na5 24.g4  1-0

[Event "Komercni Banka op"]
[Site "Pardubice"]
[Date "1996.??.??"]
[Round "2"]
[White "Ivanov, Timur"]
[Black "Ciganikova, Andrea"]
[Result "1-0"]
[WhiteElo "2370"]
[BlackElo "2105"]

1.Nf3 Nf6 2.c4 c5 3.Nc3 e6 4.g3 b6 5.Bg2 Bb7 6.O-O Be7 7.Re1 O-O 8.e4 d6
9.d4 cxd4 10.Nxd4 a6 11.e5 dxe5 12.Bxb7 Ra7 13.Nxe6 fxe6 14.Qxd8 Rxd8 15.Bf3 Nbd7
16.Be3 Nc5 17.Rad1 Rad7 18.Rxd7 Rxd7 19.Rd1 Rxd1+ 20.Bxd1 Nd3 21.Be2 e4 22.Nxe4 Nxb2
23.Nxf6+ gxf6 24.Bxb6 Na4 25.Ba5 Bc5 26.Kf1 Kf7 27.h4 f5 28.f3 e5 29.Bd3 e4
30.fxe4 Nb2 31.Ke2 h5 32.exf5 Bd6 33.Be1 Na4 34.Kf3 Nc5 35.Be4 Be5 36.Bf2  1-0

[Event "Komercni Banka op"]
[Site "Pardubice"]
[Date "1996.??.??"]
[Round "4"]
[White "Kolesar, Milan"]
[Black "Pick, Stepan"]
[Result "0-1"]
[WhiteElo "2240"]
[BlackElo "2115"]

1.c4 c5 2.Nc3 e6 3.Nf3 Nf6 4.g3 d5 5.cxd5 exd5 6.d4 Nc6 7.Bg2 Be7 8.O-O O-O
9.Bg5 cxd4 10.Nxd4 h6 11.Be3 Re8 12.Qb3 Na5 13.Qc2 Nc4 14.Bf4 Bg4 15.h3 Bh5
16.Rad1 Rc8 17.Nf5 Bg6 18.Nxe7+ Qxe7 19.Qb3 Be4 20.Bc1 b6 21.Rfe1 Na5 22.Qb5 Rc5
23.Qb4 Nc6 24.Qa3 Bxg2 25.Kxg2 d4 26.Na4 Rc2 27.Qxe7 Rxe7 28.Rd2 Rxd2 29.Bxd2 Ne4
30.Bf4 g5 31.Rc1 gxf4 32.Rxc6 fxg3 33.fxg3 b5 34.Rxh6 bxa4 35.Kf3 Nd2+ 36.Kf2 Ne4+
37.Kf3 Kg7 38.Ra6 Nc5 39.Rc6 Re3+ 40.Kg4 Ne6 41.Rc2 a3 42.bxa3 Rxa3 43.h4 Re3
44.Rd2 a5 45.h5 a4 46.Kh4 f5  0-1

[Event "Komercni Banka op"]
[Site "Pardubice"]
[Date "1996.??.??"]
[Round "4"]
[White "Mochalov, Evgeny V"]
[Black "Kopmann, Rene"]
[Result "0-1"]
[WhiteElo "2465"]
[BlackElo "2320"]

1.Nf3 c5 2.c4 Nf6 3.Nc3 d5 4.cxd5 Nxd5 5.d4 Nxc3 6.bxc3 g6 7.e3 Bg7 8.Bb5+ Nd7
9.a4 O-O 10.O-O a6 11.Bd3 Re8 12.e4 cxd4 13.cxd4 Nc5 14.Be3 Bg4 15.Bc2 Ne6
16.Bb3 Rf8 17.e5 Bxf3 18.gxf3 Nc7 19.f4 e6 20.Qf3 Qd7 21.Rfc1 Nd5 22.Rc5 Rfd8
23.Rac1 Bf8 24.R5c2 Rac8 25.h3 Rxc2 26.Rxc2 b5 27.Bxd5 Qxd5 28.Qxd5 Rxd5
29.Rc8 f5 30.Ra8 bxa4 31.Rxa6 a3 32.Kf1 Bb4 33.Ke2 Ra5 34.Rxa5 Bxa5 35.Bc1 a2
36.Bb2 Kf7 37.Kd3 Ke7 38.Kc4 Kd7 39.d5 Bd2 40.f3 Bxf4 41.d6 h5 42.Kd3 g5
43.Ke2 Kc6 44.Kd3 Bh2 45.Ba1 Bg1 46.Bb2 Bb6 47.Ba1 Kb5 48.Bc3 Kc6 49.Ba1 Kd5
50.Bb2 g4 51.fxg4 fxg4 52.hxg4 hxg4  0-1

[Event "Komercni Banka op"]
[Site "Pardubice"]
[Date "1996.??.??"]
[Round "5"]
[White "Kniest, Oliver"]
[Black "Meier, Volker"]
[Result "0-1"]
[WhiteElo "2170"]
[BlackElo "2290"]

1.c4 c5 2.Nf3 e6 3.Nc3 Nf6 4.g3 b6 5.Bg2 Bb7 6.O-O Be7 7.Re1 a6 8.e4 d6 9.d4 cxd4
10.Nxd4 Qc7 11.Be3 Nbd7 12.Rc1 O-O 13.f4 Rfe8 14.Qe2 g6 15.g4 Bf8 16.g5 Nh5
17.f5 Ne5 18.fxe6 fxe6 19.Bh3 Bc8 20.b3 Qb7 21.Rcd1 Bd7 22.Rf1 Rad8 23.a4 Bg7
24.Bg2 Rf8 25.Rxf8+ Rxf8 26.Rf1 Qc8 27.Bh3 Re8 28.Nd1 d5 29.cxd5 exd5 30.Bxd7 Qxd7
31.exd5 Qxd5 32.Qg2 Qd7 33.Ne2 b5 34.axb5 Qxb5 35.Nd4 Qd7 36.h3 Nd3 37.Ne2 Qe6
38.Nf4 Nhxf4 39.Bxf4 Qxb3 40.Bd2 Qe6 41.Qf3 Bd4+ 42.Kh1 Ne5 43.Qg2 Nc4 44.Bf4 a5
45.Nf2 a4 46.Nd3 Qe4 47.Nb4 a3 48.Bc1 Qxg2+ 49.Kxg2 a2 50.Nxa2 Re2+ 51.Kf3 Rxa2
52.Rd1 Bg7 53.Rd8+ Bf8 54.Bf4 Ra5 55.h4 Ne5+ 56.Ke4 Nc6 57.Rc8 Ra4+ 58.Kf3 Nd4+  0-1

[Event "Komercni Banka op"]
[Site "Pardubice"]
[Date "1996.??.??"]
[Round "6"]
[White "Lingnau, Carsten"]
[Black "Gipslis, Aivars"]
[Result "1/2-1/2"]
[WhiteElo "2380"]
[BlackElo "2470"]

1.Nf3 Nf6 2.c4 c5 3.Nc3 e6 4.g3 b6 5.Bg2 Bb7 6.O-O Be7 7.d4 cxd4 8.Qxd4 Nc6
9.Qf4 O-O 10.Rd1 Qb8 11.b3 Rd8 12.Bb2 d6 13.e4 a6 14.h3 Ra7 15.Qe3 Ba8 16.Bf1 Nd7
17.Ne1 Bf8 18.Nc2 Rc7 19.Qe2 Rcc8 20.Ne3 Nf6 21.f4 b5 22.Bg2 bxc4 23.Nxc4 Nb4
24.e5 Bxg2 25.Kxg2 Nfd5 26.Nxd5 exd5 27.Nxd6 Bxd6 28.exd6 Qxd6 29.Rd2 Re8
30.Qf2 Re4 31.Rad1 Rce8 32.Ba3 f6 33.Kg1 a5 34.Bxb4 Qxb4 35.Rxd5 Re2 36.Qd4 Re1+
37.Kf2 Qe7 38.Qd3 Re2+ 39.Kf1 Rxa2 40.Rd8 Rxd8 41.Qxd8+ Qxd8 42.Rxd8+ Kf7
43.f5 Rb2 44.Rd7+ Kf8 45.Rd3 g6 46.fxg6 hxg6 47.g4 Ke7 48.Rd5 Rxb3 49.Rxa5 Rxh3
50.Kg2 Rd3 51.Ra6 Rd6 52.Ra3 Ke6 53.Kf3 Rc6 54.Rd3 Ke5 55.Re3+ Kd4 56.Re4+ Kd5
57.Re3 Rc4 58.Re8 Rc3+ 59.Kf2 Kd6 60.Re1 Rc7 61.Kf3 Re7 62.Rd1+ Ke6 63.Re1+ Kf7
64.Rh1 Kg7 65.Kf2 Ra7 66.Kf3 Ra2 67.Kg3  1/2-1/2

[Event "Komercni Banka op"]
[Site "Pardubice"]
[Date "1996.??.??"]
[Round "7"]
[White "Rakay, Kvetoslav"]
[Black "Reinhard, Markus"]
[Result "1-0"]
[WhiteElo "2190"]
[BlackElo "2150"]

1.Nf3 c5 2.c4 Nf6 3.Nc3 b6 4.g3 Bb7 5.Bg2 e6 6.O-O Be7 7.Qc2 O-O 8.Rd1 Nc6
9.e3 Rc8 10.b3 d5 11.d3 e5 12.e4 dxe4 13.dxe4 Nd4 14.Qd3 Nd7 15.Re1 h6 16.Bb2 Re8
17.Rad1 Bf8 18.Nd2 Nb8 19.Nf1 Nbc6 20.Nd5 g6 21.Nfe3 Bg7 22.Bc1 h5 23.Rf1 Ne6
24.Nc2 Ncd4 25.Bh3 Rb8 26.f4 Nxc2 27.Qxc2 Nd4 28.Qd3 exf4 29.gxf4 f5 30.Bg2 fxe4
31.Bxe4 Qd7 32.Rd2 Nf5 33.Rg2 Qf7 34.Bxf5 Bd4+ 35.Kh1 Bxd5 36.cxd5  1-0

[Event "Komercni Banka op"]
[Site "Pardubice"]
[Date "1996.??.??"]
[Round "7"]
[White "Peschel, Andreas"]
[Black "Meier, Volker"]
[Result "0-1"]
[WhiteElo "2140"]
[BlackElo "2290"]

1.c4 c5 2.Nf3 e6 3.Nc3 Nf6 4.g3 b6 5.Bg2 Bb7 6.O-O Be7 7.Re1 d6 8.e4 Nbd7
9.d4 cxd4 10.Nxd4 Qb8 11.f4 O-O 12.Be3 Rc8 13.Qe2 Bf8 14.Rac1 a6 15.Bf2 e5
16.Nf5 Re8 17.Qf3 b5 18.Nd5 Qd8 19.Nxf6+ Nxf6 20.fxe5 Rxe5 21.Qf4 bxc4 22.Rxc4 Re6
23.Nd4 Re8 24.Nc6 Qd7 25.Rec1 Rac8 26.Nb4 Rxc4 27.Rxc4 Qb5 28.b3 a5 29.a4 Qh5
30.Bf3 Qg6 31.Nc6 Bxc6 32.Rxc6 Nxe4 33.Bb6 Ng5 34.Bg2 Re1+ 35.Kf2 Rb1 36.Bxa5 Rxb3
37.h4 Rb2+ 38.Bd2 Ne6 39.Qe3 Qf5+ 40.Kg1 d5 41.Rc8 Qg4 42.Rc1 d4 43.Qe1 g5
44.hxg5 Bd6 45.Rb1 Bxg3 46.Qd1 Rxb1 47.Qxb1 Qe2 48.Qc1 Bf2+ 49.Kh2 Be3 50.Bxe3 dxe3
51.Qc8+ Kg7 52.Qc3+ Kg8 53.Qc8+ Nf8 54.a5 Qf2 55.a6 e2 56.Qc3 e1=Q 57.Qxe1 Qxe1
58.a7 Qh4+  0-1

[Event "Komercni Banka op"]
[Site "Pardubice"]
[Date "1996.??.??"]
[Round "8"]
[White "Stohl, Igor"]
[Black "Fish, Gannadij"]
[Result "1/2-1/2"]
[WhiteElo "2560"]
[BlackElo "2440"]

1.c4 Nf6 2.Nc3 c5 3.Nf3 g6 4.e4 Nc6 5.d4 cxd4 6.Nxd4 Nxd4 7.Qxd4 d6 8.Bg5 Bg7
9.Qd2 O-O 10.Bd3 Be6 11.O-O Rc8 12.b3 a6 13.Rad1 Re8 14.Nd5 Bxd5 15.exd5 Nd7
16.Rfe1 Bf6 17.h4 Ne5 18.Be2 Qd7 19.a4 Qf5 20.Qe3 Bxg5 21.hxg5 Nd7 22.Qg3 Qc2
23.Rd3 b5 24.cxb5 axb5 25.Re3 bxa4 26.Bb5 Red8 27.bxa4 Nb6 28.Qf3 Qd2 29.Rxe7 Rf8
30.Be8 Qxg5 31.Bxf7+ Kh8 32.Re8 Rcxe8 33.Rxe8 Qc1+ 34.Kh2 Qh6+ 35.Kg1 Qc1+
36.Kh2 Qh6+ 37.Kg1 Qc1+  1/2-1/2

[Event "Komercni Banka op"]
[Site "Pardubice"]
[Date "1996.??.??"]
[Round "9"]
[White "Kievelitz, Bernd"]
[Black "Stankova, Zuzana"]
[Result "1-0"]
[WhiteElo "2145"]
[BlackElo "2105"]

1.Nf3 Nf6 2.c4 c5 3.Nc3 g6 4.d4 Bg7 5.e4 cxd4 6.Nxd4 d6 7.Be2 Nc6 8.Be3 O-O
9.O-O a6 10.Rc1 Bd7 11.f3 Ne8 12.Nd5 e6 13.Nxc6 bxc6 14.Nc3 c5 15.Qd3 Qc7
16.f4 f5 17.g4 Kh8 18.exf5 gxf5 19.g5 Rd8 20.Rcd1 Bc6 21.h4 Rg8 22.Rd2 Bf8
23.Bxc5 Be4 24.Nxe4 fxe4 25.Bd4+ e5 26.Bxe5+ dxe5 27.Qxd8 Qa7+ 28.Kg2 Bb4
29.Rc2 exf4 30.Qd5 f3+ 31.Bxf3 exf3+ 32.Rxf3 Qe7 33.Rcf2 Be1 34.Rf7 Qe3 35.Rf8 Nf6
36.R8xf6 Bxf2 37.Rxf2 h6 38.Qf3 Qe7  1-0

[Event "Paris op"]
[Site "Paris"]
[Date "1996.??.??"]
[Round "6"]
[White "Elbilia, Jacques"]
[Black "Bernard, Christophe"]
[Result "1/2-1/2"]
[WhiteElo "2290"]
[BlackElo "2405"]

1.c4 Nf6 2.Nc3 c5 3.Nf3 g6 4.d4 cxd4 5.Nxd4 Bg7 6.e4 O-O 7.Be2 Nc6 8.Be3 d6
9.O-O Bd7 10.Rc1 Nxd4 11.Bxd4 Bc6 12.f3 a5 13.b3 Nd7 14.Be3 Nc5 15.Qd2 Qb6
16.Rc2 Qb4 17.Rb1 Rac8 18.Qc1 Qb6 19.a3 Qd8 20.b4 axb4 21.axb4 Na4 22.b5 Nxc3
23.Rxc3 Bd7 24.Rc2 Be6 25.c5 dxc5 26.Rxc5 Ba2 27.Rb4 Rxc5 28.Qxc5  1/2-1/2